Normal view
MARC view
- تحقيق السجستاني،؛ بقلم محمد الصادق قمحاوي
Entry Personal Name
001 - CONTROL NUMBER
- control field: 8197
003 - CONTROL NUMBER IDENTIFIER
- control field: JO-AjAnu
005 - DATE AND TIME OF LATEST TRANSACTION
- control field: 20230606071625.0
008 - FIXED-LENGTH DATA ELEMENTS
- fixed length control field: 230606|| aca||aabn | a|a d
040 ## - CATALOGING SOURCE
- Original cataloging agency: JO-AjAnu
- Transcribing agency: JO-AjAnu
100 ## - HEADING--PERSONAL NAME
- Personal name: تحقيق السجستاني،؛ بقلم محمد الصادق قمحاوي
670 ## - SOURCE DATA FOUND
- Source citation: Work cat.: (JO-AjAnu)4234: تحقيق السجستاني،؛ بقلم محمد الصادق قمحاوي, author, تفسير غريب القرآن